Geographic information metadata for spatial data infrastructures : resources, interoperability, and information retrieval

Αποθηκεύτηκε σε:
Λεπτομέρειες βιβλιογραφικής εγγραφής
Κύριος συγγραφέας: Nogueras-Iso, Javier
Άλλοι συγγραφείς: Zarazaga-Soria, F. Javier, Muro-Medrano, Pedro R.
Μορφή: Βιβλίο
Γλώσσα:English
Δημοσίευση: Berlin; New York : Springer, 2005
Θέματα:
Ετικέτες: Προσθήκη ετικέτας
Δεν υπάρχουν, Καταχωρήστε ετικέτα πρώτοι!

MARC

LEADER 00000nam a2200000 i 4500
001 1/48673
008 070719s2005 eng d
020 |a 978-3-540-24464-6 
020 |a 3-540-24464-6 
035 |l 10088980 
040 |a GR-MY-UA  |b gre  |e aacr 
041 0 |a eng 
082 0 |a 910.285  |2 (22) 
100 1 |a Nogueras-Iso, Javier. 
245 1 0 |a Geographic information metadata for spatial data infrastructures :  |b resources, interoperability, and information retrieval /  |c Javier Nogueras-Iso, Pedro Muro-Medrano, Javier Zarazaga-Soria 
260 |a Berlin; New York :   |b Springer,   |c 2005 
300 |a xxi, 263 σ.;  |b εικ.;  |c 25 εκ. 
500 |a Περιέχει 83 περιγράμματα 
504 |a Βιβλιογραφία: σ. 241-257 
504 |a Ευρετήριο: σ. 259-263 
650 0 0 |a Geographic information systems. 
650 0 0 |a Information storage and retrieval systems  |x Geography. 
650 0 0 |a Metadata. 
700 1 |a Zarazaga-Soria, F. Javier. 
700 1 |a Muro-Medrano, Pedro R. 
852 |a INST  |b LESVOS  |e 20070719  |h 910.285 NOG  |p 005100041430  |q 005100041430  |t BK  |y 0 
901 |a BIBL1-2007-2 
909 |a Λ  |b 135886 
922 |a 1ΕΛΗ  |b 200706  |c ΕΠΕΑΕΚ2/ΤΓ  |d ΕΛΕΥΘΕΡΟΥΔΑΚΗΣ 
970 |a ΚΑΡΑ  |b ΓΙΑΣΕΜΗ  |z 2007/07/19